[Event "Euskadi Juv ch"]
[Site "Eibar"]
[Date "2010.04.06"]
[Round "1.1"]
[White "Alcaide Rodriguez, Mikel"]
[Black "Etxagibel Larrañaga, Asier"]
[Result "1/2-1/2"]
[WhiteElo "1785"]
[BlackElo "1952"]
[PlyCount "60"]
[EventDate "2010.04.06"]
[EventType "swiss"]
[EventRounds "6"]
[Source "JMVV"]
[SourceDate "2010.01.01"]

1. d4 Nf6 2. Bg5 e6 3. e4 h6 4. Bxf6 Qxf6 5. c3 d6 6. Bd3 e5 7. Qf3 Be7 8. Qxf6
Bxf6 9. d5 O-O 10. Nf3 Nd7 11. c4 Nc5 12. Bc2 a5 13. Nc3 g6 14. O-O Be7 15. Nd2
f5 16. f3 Bg5 17. Nb3 Na6 18. a3 b6 19. Nc1 fxe4 20. Bxe4 Kg7 21. Nd3 Bf5 22.
Rab1 Be3+ 23. Kh1 Nb8 24. Nb5 Rf7 25. Rbe1 Bg5 26. Bxf5 gxf5 27. f4 exf4 28.
Nxf4 Bxf4 29. Rxf4 Na6 30. Nd4 Kg6 1/2-1/2

[Event "Euskadi Juv ch"]
[Site "Eibar"]
[Date "2010.04.06"]
[Round "1.2"]
[White "Idiazabal Troyas, Aritz"]
[Black "Sevilla Subiza, Marina"]
[Result "1-0"]
[WhiteElo "1911"]
[BlackElo "1640"]
[PlyCount "45"]
[EventDate "2010.04.06"]
[EventType "swiss"]
[EventRounds "6"]
[Source "JMVV"]
[SourceDate "2010.01.01"]

1. e4 e6 2. b3 d5 3. Bb2 dxe4 4. Nc3 Nf6 5. Qe2 Nc6 6. O-O-O Be7 7. g4 Nd4 8.
Qe1 Nxg4 9. Nxe4 b6 10. Bg2 Rb8 11. h3 Nf6 12. f3 Bb7 13. Kb1 O-O 14. h4 Nh5
15. Ne2 Nf5 16. Ng5 h6 17. Qf2 Bf6 18. Bxf6 Qxf6 19. Ne4 Qe5 20. f4 Qb5 21.
N4c3 Qd7 22. Bxb7 Rxb7 23. Qf3 1-0

[Event "Euskadi Juv ch"]
[Site "Eibar"]
[Date "2010.04.06"]
[Round "1.3"]
[White "Marcos Ruiz, Uxue"]
[Black "Marchena Hurtado, Ander"]
[Result "1-0"]
[WhiteElo "1629"]
[BlackElo "1906"]
[PlyCount "51"]
[EventDate "2010.04.06"]
[EventType "swiss"]
[EventRounds "6"]
[Source "JMVV"]
[SourceDate "2010.01.01"]

1. e4 c6 2. d4 d5 3. Nc3 dxe4 4. Nxe4 Nd7 5. Nf3 Ngf6 6. Nxf6+ Nxf6 7. h3 Bf5
8. Bc4 e6 9. Bg5 Be7 10. O-O O-O 11. Re1 h6 12. Be3 Qc7 13. Ne5 Rfd8 14. c3 c5
15. Rc1 Nd5 16. Bxd5 Rxd5 17. Qh5 Bf6 18. Ng4 Bxg4 19. Qxg4 h5 20. Qf3 cxd4 21.
cxd4 Qb6 22. b3 Rad8 23. Rc5 h4 24. Rec1 Bxd4 25. Bxd4 Rxd4 26. Rc8 $138 1-0

[Event "Euskadi Juv ch"]
[Site "Eibar"]
[Date "2010.04.07"]
[Round "2.1"]
[White "Marcos Ruiz, Uxue"]
[Black "Idiazabal Troyas, Aritz"]
[Result "0-1"]
[WhiteElo "1629"]
[BlackElo "1911"]
[PlyCount "78"]
[EventDate "2010.04.06"]
[EventType "swiss"]
[EventRounds "6"]
[Source "JMVV"]
[SourceDate "2010.01.01"]

1. e4 c5 2. Nf3 Nc6 3. Bb5 g6 4. O-O Bg7 5. c3 a6 6. Bxc6 bxc6 7. d4 cxd4 8.
cxd4 d5 9. e5 Qb6 10. Nc3 Bg4 11. Na4 Qa7 12. Nc5 Nh6 13. h3 Bxf3 14. Qxf3 Nf5
15. Qd3 Bxe5 16. dxe5 Qxc5 17. Re1 O-O 18. Bd2 Qb6 19. b3 c5 20. Bg5 h6 21. Bc1
d4 22. g4 Nh4 23. Bxh6 Qc6 24. Kf1 Qg2+ 25. Ke2 Qd5 26. Bxf8 Rxf8 27. Kd1 Rd8
28. Rc1 Nf3 29. Re4 Nxe5 30. Rxe5 Qxe5 31. Rc4 Qf4 32. Ke1 Rd5 33. Rc2 Re5+ 34.
Re2 Qc1+ 35. Qd1 Rxe2+ 36. Kxe2 Qxd1+ 37. Kxd1 Kg7 38. Kd2 Kf6 39. f4 g5 0-1

[Event "Euskadi Juv ch"]
[Site "Eibar"]
[Date "2010.04.07"]
[Round "2.4"]
[White "Etxagibel Larrañaga, Asier"]
[Black "Marchena Hurtado, Ander"]
[Result "1/2-1/2"]
[WhiteElo "1952"]
[BlackElo "1906"]
[PlyCount "86"]
[EventDate "2010.04.06"]
[EventType "swiss"]
[EventRounds "6"]
[Source "JMVV"]
[SourceDate "2010.01.01"]

1. d4 d5 2. c4 c6 3. Nf3 Nf6 4. e3 Bf5 5. Nc3 e6 6. Qb3 Qb6 7. Qxb6 axb6 8. Nh4
Bc2 9. Bd2 h6 10. Rc1 Bh7 11. cxd5 exd5 12. g3 Be7 13. Be2 O-O 14. O-O Nbd7 15.
a3 Rfe8 16. Rfd1 Ne4 17. Nf3 b5 18. Nxe4 Bxe4 19. Ne1 Nb6 20. Nd3 Na4 21. Bc3
Bd6 22. f3 Bh7 23. Kf2 Re7 24. Ne1 Rae8 25. Ng2 Bf5 26. Bd3 Bxd3 27. Rxd3 Nb6
28. Re1 Nc4 29. Re2 Nb6 30. Ne1 Na4 31. Nc2 Nb6 32. Bb4 Bxb4 33. Nxb4 f5 34.
Rd1 Nc4 35. Rde1 Kf7 36. b3 Nd6 37. Nd3 Ra8 38. Ra1 Kf8 39. a4 bxa4 40. bxa4
Nc4 41. Nb4 Re6 42. Nd3 Re7 43. Nb4 Re6 1/2-1/2

[Event "Euskadi Juv ch"]
[Site "Eibar"]
[Date "2010.04.07"]
[Round "2.5"]
[White "Olabe Odriozola, Eduardo"]
[Black "Alcaide Rodriguez, Mikel"]
[Result "1-0"]
[WhiteElo "1873"]
[BlackElo "1785"]
[PlyCount "49"]
[EventDate "2010.04.06"]
[EventType "swiss"]
[EventRounds "6"]
[Source "JMVV"]
[SourceDate "2010.01.01"]

1. e4 c5 2. Nc3 Nc6 3. Bc4 g6 4. f4 Bg7 5. Nf3 e6 6. f5 Nge7 7. fxe6 fxe6 8. d3
O-O 9. Bg5 a6 10. a4 h6 11. Bh4 g5 12. Bf2 b6 13. O-O Nd4 14. Nxd4 cxd4 15. Ne2
Nc6 16. Ng3 Qe7 17. Nf5 Qe8 18. Nxg7 Kxg7 19. Qd2 Qg6 20. b4 e5 21. Bg3 d6 22.
Rxf8 Kxf8 23. Rf1+ Ke7 24. Bd5 Bd7 25. b5 1-0

[Event "Euskadi Juv ch"]
[Site "Eibar"]
[Date "2010.04.07"]
[Round "2.6"]
[White "Sevilla Subiza, Marina"]
[Black "Saiz Lopez, Laura"]
[Result "1-0"]
[WhiteElo "1640"]
[BlackElo "1430"]
[PlyCount "61"]
[EventDate "2010.04.06"]
[EventType "swiss"]
[EventRounds "6"]
[Source "JMVV"]
[SourceDate "2010.01.01"]

1. d4 d5 2. c4 c6 3. Nc3 e6 4. Nf3 Nf6 5. cxd5 exd5 6. Bg5 Bg4 7. e3 Nbd7 8.
Be2 Be7 9. O-O O-O 10. h3 Bxf3 11. Bxf3 h6 12. Bf4 Re8 13. Qc2 Bb4 14. a3 Bxc3
15. bxc3 Ne4 16. c4 Ndf6 17. c5 Qa5 18. Be2 Qc3 19. Qxc3 Nxc3 20. Bd3 Nce4 21.
Rfb1 Rab8 22. Bxb8 Rxb8 23. Rb4 Nd7 24. Rab1 b5 25. cxb6 axb6 26. a4 Nc3 27.
R1b2 Ne4 28. a5 b5 29. Rc2 c5 30. Rxb5 Rxb5 31. Bxb5 1-0

[Event "Euskadi Juv ch"]
[Site "Eibar"]
[Date "2010.04.08"]
[Round "3.1"]
[White "Idiazabal Troyas, Aritz"]
[Black "Garro Beraza, Julen"]
[Result "1-0"]
[WhiteElo "1879"]
[BlackElo "1884"]
[PlyCount "61"]
[EventDate "2010.04.06"]
[EventType "swiss"]
[EventRounds "6"]
[Source "JMVV"]
[SourceDate "2010.01.01"]

1. e4 c5 2. Nf3 d6 3. d4 cxd4 4. Nxd4 Nf6 5. f3 a6 6. c4 g6 7. Nc3 Bg7 8. Be3
O-O 9. Be2 Nc6 10. O-O Bd7 11. Qd2 Rb8 12. Rac1 Nxd4 13. Bxd4 Bc6 14. Rfd1 b6
15. b4 Qd7 16. b5 axb5 17. cxb5 Ba8 18. Qe3 Qa7 19. Bc4 Nd7 20. Bxg7 Kxg7 21.
Bd5 Qa3 22. Bxa8 Rxa8 23. Qd4+ Kg8 24. Nd5 Rfe8 25. Rc7 Ra4 26. Qd2 Ra7 27.
Rdc1 Nf6 28. Rxa7 Qxa7 29. Rc7 Qa3 30. Nxe7+ Kf8 31. Qh6# 1-0

[Event "Euskadi Juv ch"]
[Site "Eibar"]
[Date "2010.04.08"]
[Round "3.2"]
[White "Sanchez Ruesga, Hector"]
[Black "Etxagibel Larrañaga, Asier"]
[Result "1-0"]
[WhiteElo "1866"]
[BlackElo "1952"]
[PlyCount "49"]
[EventDate "2010.04.06"]
[EventType "swiss"]
[EventRounds "6"]
[Source "JMVV"]
[SourceDate "2010.01.01"]

1. d4 Nf6 2. Nf3 g6 3. e3 c5 4. Be2 Bg7 5. O-O O-O 6. c4 b6 7. Nc3 Bb7 8. Qb3
Qc8 9. d5 d6 10. e4 Nbd7 11. h3 b5 12. Qxb5 Ba6 13. Qb3 Nb6 14. Nd2 Nh5 15. Bg4
Qe8 16. Bxh5 gxh5 17. Nb5 Qd7 18. a4 f5 19. exf5 Rxf5 20. Ne4 h4 21. Ng5 Be5
22. Ne6 Bxb5 23. axb5 Kf7 24. Qe3 Kg6 25. g4 1-0

[Event "Euskadi Juv ch"]
[Site "Eibar"]
[Date "2010.04.08"]
[Round "3.4"]
[White "Olabe Odriozola, Eduardo"]
[Black "Marcos Ruiz, Uxue"]
[Result "0-1"]
[WhiteElo "1874"]
[BlackElo "1502"]
[PlyCount "56"]
[EventDate "2010.04.06"]
[EventType "swiss"]
[EventRounds "6"]
[Source "JMVV"]
[SourceDate "2010.01.01"]

1. e4 e5 2. Nf3 Nc6 3. Bc4 Bc5 4. b4 Bxb4 5. O-O Nf6 6. c3 Be7 7. d4 d6 8. Ng5
O-O 9. f4 exd4 10. Bb2 h6 11. Nf3 Nxe4 12. cxd4 Na5 13. Bd3 d5 14. Qe1 b6 15.
Bxe4 dxe4 16. Qxe4 Bb7 17. Qe1 Re8 18. Qg3 Bf6 19. Ne5 Nc6 20. Qf2 Be7 21. Nd2
Nb4 22. Qg3 Nc2 23. Nxf7 Kxf7 24. Rad1 Bf6 25. Nc4 Re2 26. Ne5+ Kg8 27. Rf2 Bh4
28. Qb3+ Bd5 0-1

[Event "Euskadi Juv ch"]
[Site "Eibar"]
[Date "2010.04.08"]
[Round "3.6"]
[White "Marchena Hurtado, Ander"]
[Black "Alcaide Rodriguez, Mikel"]
[Result "1/2-1/2"]
[WhiteElo "1875"]
[BlackElo "1775"]
[PlyCount "64"]
[EventDate "2010.04.06"]
[EventType "swiss"]
[EventRounds "6"]
[Source "JMVV"]
[SourceDate "2010.01.01"]

1. e4 c5 2. Nc3 Nc6 3. g3 g6 4. Bg2 Bg7 5. d3 e6 6. f4 Nge7 7. Nf3 O-O 8. Be3
d6 9. O-O Rb8 10. Qd2 b5 11. e5 Nd5 12. Bf2 Nxc3 13. bxc3 Qc7 14. d4 Rd8 15.
Qe2 d5 16. h4 c4 17. h5 a5 18. a3 b4 19. axb4 axb4 20. hxg6 hxg6 21. cxb4 Rxb4
22. Be1 Rb5 23. Bc3 Qb6 24. g4 Bd7 25. Qf2 Qb7 26. g5 Ra8 27. Rxa8+ Qxa8 28.
Nh2 Kf8 29. Ng4 Ke7 30. Qh4 Qh8 31. Qg3 Qb8 32. Qh4 Qh8 1/2-1/2

[Event "Euskadi Juv ch"]
[Site "Eibar"]
[Date "2010.04.08"]
[Round "4.1"]
[White "Sanchez Ruesga, Hector"]
[Black "Idiazabal Troyas, Aritz"]
[Result "0-1"]
[WhiteElo "1866"]
[BlackElo "1879"]
[PlyCount "80"]
[EventDate "2010.04.06"]
[EventType "swiss"]
[EventRounds "6"]
[Source "JMVV"]
[SourceDate "2010.01.01"]

1. d4 c5 2. d5 e5 3. e4 d6 4. Nc3 Nf6 5. Nge2 Nbd7 6. Ng3 Be7 7. Nf5 O-O 8. Be2
Re8 9. Nxe7+ Qxe7 10. Bg5 Nf8 11. h3 h6 12. Be3 Ng6 13. Qd2 Nf4 14. Rg1 a6 15.
f3 N6h5 16. O-O-O b5 17. g4 b4 18. Na4 Nxe2+ 19. Qxe2 Nf4 20. Qh2 Rb8 21. b3 c4
22. Nb6 cxb3 23. axb3 a5 24. Nxc8 Rexc8 25. Bxf4 exf4 26. Qxf4 a4 27. Kd2 Qc7
28. Rc1 Qc3+ 29. Ke2 axb3 30. cxb3 Qxb3 31. Kf2 Rc3 32. Rxc3 bxc3 33. Qxd6 Qc2+
34. Kg3 Rb2 35. Kh4 Qf2+ 36. Qg3 g5+ 37. Kh5 Qxg3 38. Rxg3 c2 39. Rg1 Rb1 40.
d6 Rxg1 0-1

[Event "Euskadi Juv ch"]
[Site "Eibar"]
[Date "2010.04.08"]
[Round "4.2"]
[White "Garro Beraza, Julen"]
[Black "Sevilla Subiza, Marina"]
[Result "1-0"]
[WhiteElo "1884"]
[BlackElo "1603"]
[PlyCount "75"]
[EventDate "2010.04.06"]
[EventType "swiss"]
[EventRounds "6"]
[Source "JMVV"]
[SourceDate "2010.01.01"]

1. e4 e6 2. d3 d5 3. Nd2 dxe4 4. dxe4 Nc6 5. Ngf3 Bd6 6. Bc4 Nge7 7. O-O b6 8.
Qe2 O-O 9. e5 Bc5 10. Ne4 Bd4 11. Rd1 Ng6 12. c3 Ngxe5 13. Nxe5 Nxe5 14. cxd4
Nxc4 15. Qxc4 Bb7 16. Ng3 Qe7 17. Bf4 Rac8 18. Rac1 c5 19. Be3 cxd4 20. Qxd4
Rcd8 21. Qa4 Ba8 22. a3 Qb7 23. f3 Qe7 24. Rc3 Rxd1+ 25. Qxd1 Rd8 26. Qc1 Rd7
27. Rc8+ Rd8 28. Qc7 Qxc7 29. Rxc7 Kf8 30. Rxa7 b5 31. Ne4 h6 32. Kf2 Bd5 33.
Bc5+ Kg8 34. Nd6 Bc6 35. Ke2 f6 36. Rc7 Bd7 37. Rb7 Bc6 38. Rb6 1-0

[Event "Euskadi Juv ch"]
[Site "Eibar"]
[Date "2010.04.08"]
[Round "4.3"]
[White "Ramos Samperio, Aitor"]
[Black "Marcos Ruiz, Uxue"]
[Result "1-0"]
[WhiteElo "1582"]
[BlackElo "1502"]
[PlyCount "83"]
[EventDate "2010.04.06"]
[EventType "swiss"]
[EventRounds "6"]
[Source "JMVV"]
[SourceDate "2010.01.01"]

1. d4 d5 2. c4 e6 3. Nc3 Nf6 4. Nf3 Bb4 5. Qa4+ Nc6 6. a3 Be7 7. Bf4 Bd7 8. Qd1
O-O 9. e3 Nb8 10. Rc1 b6 11. cxd5 exd5 12. Bd3 Be6 13. Nb5 c6 14. Nc7 Nbd7 15.
Nxa8 Qxa8 16. O-O h6 17. Bb1 Rc8 18. Ne5 Qb7 19. b4 b5 20. Qc2 Nb6 21. Nxc6 Nc4
22. Na5 Nxa5 23. Qd3 Rxc1 24. Rxc1 Nc4 25. Be5 g6 26. Qc3 Qc8 27. f3 Qf8 28. g4
Nh7 29. Bd3 Qc8 30. Qc2 f5 31. e4 Qf8 32. exf5 Nxe5 33. dxe5 gxf5 34. gxf5 Qg7+
35. Kh1 Bf7 36. f6 Bxf6 37. Bxh7+ Qxh7 38. Qxh7+ Kxh7 39. exf6 Kg6 40. Rc7 Kxf6
41. Rxa7 Ke5 42. Rxf7 1-0

[Event "Euskadi Juv ch"]
[Site "Eibar"]
[Date "2010.04.08"]
[Round "4.5"]
[White "Etxagibel Larrañaga, Asier"]
[Black "Olabe Odriozola, Eduardo"]
[Result "1/2-1/2"]
[WhiteElo "1955"]
[BlackElo "1874"]
[PlyCount "102"]
[EventDate "2010.04.06"]
[EventType "swiss"]
[EventRounds "6"]
[Source "JMVV"]
[SourceDate "2010.01.01"]

1. d4 d5 2. c4 e6 3. Nf3 Nf6 4. g3 Be7 5. Bg2 b6 6. cxd5 exd5 7. Nc3 Bb7 8. Bf4
a6 9. O-O O-O 10. Rc1 Nbd7 11. Ne5 Rc8 12. Qb3 c6 13. Rfd1 Nxe5 14. dxe5 Nd7
15. Bh3 Nc5 16. Qc2 Ne6 17. e4 d4 18. Qb3 Nxf4 19. gxf4 Rb8 20. Qc4 c5 21. Nd5
Kh8 22. Qb3 Ba8 23. Bg2 f6 24. e6 Qd6 25. f5 Bxd5 26. exd5 Qf4 27. Qg3 Bd6 28.
Rc2 Qxf5 29. Qxd6 Qxc2 30. Bf3 Qf5 31. e7 Rfe8 32. Qg3 Qd7 33. d6 b5 34. Bg4 f5
35. Bh5 g6 36. Qe5+ Kg8 37. Bf3 h6 38. Bd5+ Kh7 39. Be6 Qb7 40. Qf6 Qf3 41.
Qf7+ Kh8 42. Qf6+ Kh7 43. Re1 Qg4+ 44. Kf1 d3 45. Qf7+ Kh8 46. Qf6+ Kh7 47. Bd5
d2 48. Qf7+ Kh8 49. Qf6+ Kh7 50. Qf7+ Kh8 51. Qf6+ Kh7 1/2-1/2

[Event "Euskadi Juv ch"]
[Site "Eibar"]
[Date "2010.04.08"]
[Round "4.6"]
[White "Saiz Lopez, Laura"]
[Black "Marchena Hurtado, Ander"]
[Result "0-1"]
[WhiteElo "1403"]
[BlackElo "1875"]
[PlyCount "47"]
[EventDate "2010.04.06"]
[EventType "swiss"]
[EventRounds "6"]
[Source "JMVV"]
[SourceDate "2010.01.01"]

1. d4 d5 2. c4 c6 3. Nc3 Nf6 4. Bg5 dxc4 5. e3 b5 6. Bxf6 exf6 7. a3 a6 8. Nf3
Be7 9. Be2 Bb7 10. O-O O-O 11. Qd2 Qc7 12. Rfd1 Rd8 13. e4 Nd7 14. Qc2 Nf8 15.
Rd2 Rd7 16. Rad1 Rad8 17. Nh4 Ne6 18. d5 Nf4 19. Bg4 Nd3 20. Bxd7 Qxd7 21. Rxd3
cxd3 22. Qxd3 g6 23. g3 cxd5 24. Nxd5 0-1

[Event "Euskadi Juv ch"]
[Site "Eibar"]
[Date "2010.04.09"]
[Round "5.1"]
[White "Idiazabal Troyas, Aritz"]
[Black "Ramos Samperio, Aitor"]
[Result "1-0"]
[WhiteElo "1879"]
[BlackElo "1582"]
[PlyCount "39"]
[EventDate "2010.04.06"]
[EventType "swiss"]
[EventRounds "6"]
[Source "JMVV"]
[SourceDate "2010.01.01"]

1. e4 e6 2. b3 d5 3. Bb2 Nf6 4. e5 Nfd7 5. f4 c5 6. Qh5 Nc6 7. Nc3 a6 8. O-O-O
b5 9. Nf3 d4 10. Ne4 Bb7 11. Nfg5 g6 12. Qg4 Ncxe5 13. fxe5 Nxe5 14. Qf4 Bg7
15. Nxc5 Qc7 16. Re1 Rc8 17. Kb1 O-O 18. Nxb7 Qxc2+ 19. Ka1 b4 20. Qxd4 1-0

[Event "Euskadi Juv ch"]
[Site "Eibar"]
[Date "2010.04.08"]
[Round "5.2"]
[White "Garro Beraza, Julen"]
[Black "Sanchez Ruesga, Hector"]
[Result "1-0"]
[WhiteElo "1884"]
[BlackElo "1866"]
[PlyCount "111"]
[EventDate "2010.04.06"]
[EventType "swiss"]
[EventRounds "6"]
[Source "JMVV"]
[SourceDate "2010.01.01"]

1. e4 Nf6 2. e5 Nd5 3. c4 Nb6 4. d4 d6 5. exd6 exd6 6. Nc3 Nc6 7. Be3 Bf5 8.
Nf3 Be7 9. Be2 Bf6 10. Rc1 O-O 11. O-O Re8 12. Re1 Ne7 13. a4 Nd7 14. Qb3 Bg6
15. Bf4 Nf8 16. Bg5 Bxg5 17. Nxg5 Nf5 18. Nf3 Ne6 19. Rcd1 Qc8 20. Qa3 c5 21.
dxc5 dxc5 22. Bf1 Nfd4 23. Nxd4 cxd4 24. Nd5 Qd7 25. Bd3 Bxd3 26. Qxd3 Qxa4 27.
f4 Rad8 28. f5 Nf8 29. Qxd4 Qa5 30. Rf1 Qa4 31. Qh4 Kh8 32. f6 Ng6 33. fxg7+
Kxg7 34. Qf6+ Kh6 35. Rd3 Re5 36. g4 Rdxd5 37. Rh3+ Rh5 38. Rxh5+ Rxh5 39. gxh5
Kxh5 40. Qxf7 Qb3 41. Qxh7+ Kg5 42. h4+ Nxh4 43. Qe7+ Kg4 44. Qe6+ Kg5 45. Qf6+
Kh5 46. Qe5+ Kh6 47. Qf4+ Kh5 48. Qf7+ Kg5 49. Qf4+ Kh5 50. Qe5+ Kh6 51. Qc3
Qb6+ 52. Rf2 Kg5 53. Qe5+ Kg6 54. c5 Qb4 55. Rf6+ Kg7 56. Qe7+ 1-0

[Event "Euskadi Juv ch"]
[Site "Eibar"]
[Date "2010.04.08"]
[Round "5.4"]
[White "Marcos Ruiz, Uxue"]
[Black "Sevilla Subiza, Marina"]
[Result "1/2-1/2"]
[WhiteElo "1502"]
[BlackElo "1603"]
[PlyCount "80"]
[EventDate "2010.04.06"]
[EventType "swiss"]
[EventRounds "6"]
[Source "JMVV"]
[SourceDate "2010.01.01"]

1. d4 Nf6 2. Bg5 e6 3. e4 Be7 4. Bd3 b6 5. c3 Bb7 6. Qe2 d6 7. Nf3 Nbd7 8. Nbd2
c5 9. O-O O-O 10. Rac1 Nh5 11. Qe3 Bxg5 12. Nxg5 h6 13. Nh3 Nhf6 14. Qg3 Qc7
15. f4 Qc6 16. e5 dxe5 17. fxe5 Nh5 18. Qg4 f5 19. Qf3 Rac8 20. Qxc6 Rxc6 21.
Be2 g6 22. Bxh5 gxh5 23. Nf4 Rfc8 24. Rcd1 cxd4 25. cxd4 Nf8 26. Nb3 Rc2 27.
Rf2 Rxf2 28. Kxf2 Rc2+ 29. Rd2 Rxd2+ 30. Nxd2 h4 31. Nf3 Bxf3 32. gxf3 Kf7 33.
Kg2 Ng6 34. Nxg6 Kxg6 35. f4 a6 36. a4 b5 37. axb5 axb5 38. b4 Kf7 39. Kh3 Kg7
40. Kxh4 Kg6 1/2-1/2

[Event "Euskadi Juv ch"]
[Site "Eibar"]
[Date "2010.04.08"]
[Round "5.5"]
[White "Marchena Hurtado, Ander"]
[Black "Olabe Odriozola, Eduardo"]
[Result "1/2-1/2"]
[WhiteElo "1875"]
[BlackElo "1874"]
[PlyCount "40"]
[EventDate "2010.04.06"]
[EventType "swiss"]
[EventRounds "6"]
[Source "JMVV"]
[SourceDate "2010.01.01"]

1. e4 d5 2. exd5 Nf6 3. Bb5+ Bd7 4. Be2 Bf5 5. d4 Nxd5 6. a3 e6 7. c4 Nf6 8.
Nc3 Be7 9. Nf3 O-O 10. O-O h6 11. Qb3 Qc8 12. Bf4 c6 13. Rac1 Rd8 14. Rfd1 Na6
15. Ne5 Nd7 16. Ng4 Nf6 17. Ne3 Bg6 18. Be5 Nd7 19. Bg3 Nf6 20. Be5 Nd7 1/2-1/2

[Event "Euskadi Juv ch"]
[Site "Eibar"]
[Date "2010.04.10"]
[Round "6.1"]
[White "Alcaide Rodriguez, Mikel"]
[Black "Idiazabal Troyas, Aritz"]
[Result "1-0"]
[WhiteElo "1775"]
[BlackElo "1879"]
[PlyCount "120"]
[EventDate "2010.04.06"]
[EventType "swiss"]
[EventRounds "6"]
[Source "JMVV"]
[SourceDate "2010.01.01"]

1. d4 c5 2. d5 e5 3. e4 d6 4. Nc3 Nf6 5. Be2 Be7 6. Nf3 Nbd7 7. O-O Nf8 8. Nd2
Ng6 9. g3 O-O 10. a4 Ne8 11. Nc4 Bg5 12. Bxg5 Qxg5 13. Qd2 Qxd2 14. Nxd2 f5 15.
f3 f4 16. Kg2 h5 17. Rh1 h4 18. g4 Kf7 19. Nc4 Ke7 20. a5 Bd7 21. Rhb1 Nc7 22.
b4 Na6 23. b5 Nb4 24. Na3 h3+ 25. Kf2 a6 26. b6 Nh4 27. Nd1 Ba4 28. Rb2 Ng2 29.
c3 Bxd1 30. Rxd1 Ne3 31. Rdd2 Nbxd5 32. exd5 e4 33. fxe4 Ng2 34. Bf3 Nh4 35. c4
Ng6 36. Rb3 Rh8 37. Rd1 Ne5 38. Rc3 g5 39. Nc2 Rh4 40. Rg1 Kf6 41. Ne1 Rah8 42.
Nd3 Nxd3+ 43. Rxd3 Ke5 44. Re1 R4h7 45. Bd1 Re8 46. Kf3 Rf8 47. Ba4 Rc8 48. Rb1
Rd8 49. Bb5 Ra8 50. Ba4 Rd8 51. Bd1 Rdh8 52. Be2 Rh4 53. Bf1 R4h7 54. Rbb3 Rh4
55. Kf2 R8h7 56. Rxh3 Kxe4 57. Bd3+ Kd4 58. Bxh7 Rxg4 59. Bf5 Rh4 60. Rxh4 gxh4
1-0

[Event "Euskadi Juv ch"]
[Site "Eibar"]
[Date "2010.04.10"]
[Round "6.2"]
[White "Etxagibel Larrañaga, Asier"]
[Black "Garro Beraza, Julen"]
[Result "1-0"]
[WhiteElo "1955"]
[BlackElo "1884"]
[PlyCount "145"]
[EventDate "2010.04.06"]
[EventType "swiss"]
[EventRounds "6"]
[Source "JMVV"]
[SourceDate "2010.01.01"]

1. d4 Nf6 2. c4 g6 3. Nc3 Bg7 4. Nf3 O-O 5. e4 d6 6. Be2 e5 7. O-O Nc6 8. d5
Ne7 9. Ne1 Ne8 10. Be3 f5 11. f3 f4 12. Bf2 g5 13. Rc1 Ng6 14. c5 Rf7 15. cxd6
cxd6 16. Nb5 a6 17. Na3 h5 18. Nc4 Bf8 19. Nd3 Nf6 20. Nb6 Rb8 21. Nxc8 Rxc8
22. Qb3 g4 23. Bb6 Qe8 24. Rxc8 Qxc8 25. Rc1 Qe8 26. Bc7 Qa8 27. Qb6 Rd7 28.
Bd1 Ne7 29. Ba4 Nc8 30. Qf2 Rg7 31. Kf1 g3 32. hxg3 fxg3 33. Qc2 Rf7 34. Ke2
Qa7 35. Ba5 Ne7 36. Bd2 Ng6 37. Be3 Qb8 38. Bg5 Nh7 39. Be3 Nf6 40. Bb6 Nh4 41.
Ne1 Nd7 42. Bxd7 Rxd7 43. Qd2 Qe8 44. Qc2 Qf7 45. Qc8 Ng6 46. Rc7 Rxc7 47. Bxc7
Nf4+ 48. Kf1 Qf6 49. Bd8 Qf7 50. Bh4 Qg7 51. a4 Kh7 52. Qf5+ Kg8 53. Qc8 Kh7
54. Qd8 Qf7 55. Bxg3 Qg7 56. Bh4 Ng6 57. Bf6 Qf7 58. b4 Kg8 59. b5 Ne7 60. Bxe7
Qxe7 61. Qc8 axb5 62. axb5 h4 63. Qg4+ Kh7 64. Qc8 Kg8 65. Nd3 Qf7 66. Nf2 Qf4
67. Qg4+ Qxg4 68. Nxg4 Kf7 69. Ke2 Be7 70. Ne3 Ke8 71. Nf5 Bf8 72. Nxh4 Kd7 73.
Nf5 1-0

[Event "Euskadi Juv ch"]
[Site "Eibar"]
[Date "2010.04.10"]
[Round "6.4"]
[White "Sevilla Subiza, Marina"]
[Black "Sanchez Ruesga, Hector"]
[Result "0-1"]
[WhiteElo "1603"]
[BlackElo "1866"]
[PlyCount "86"]
[EventDate "2010.04.06"]
[EventType "swiss"]
[EventRounds "6"]
[Source "JMVV"]
[SourceDate "2010.01.01"]

1. d4 Nf6 2. c4 e6 3. Nc3 b6 4. e4 d5 5. cxd5 exd5 6. e5 Ng8 7. Be3 Ne7 8. Bd3
Nf5 9. Bxf5 Bxf5 10. Nge2 Be7 11. O-O O-O 12. Rc1 c6 13. f4 f6 14. Ng3 fxe5 15.
Nxf5 Rxf5 16. dxe5 Rf8 17. Rf3 Qd7 18. Qd3 Qf5 19. Qxf5 Rxf5 20. g4 Rf8 21. f5
Nd7 22. Bf4 Rae8 23. e6 Nf6 24. h3 h5 25. Rg3 Nh7 26. Rf1 h4 27. Rg2 Ng5 28.
Kh2 g6 29. Be3 Nxe6 30. Rgf2 Ng5 31. Kg2 gxf5 32. gxf5 Bf6 33. Bd2 Ne4 34. Nxe4
Rxe4 35. b3 Kf7 36. Kf3 Rg8 37. Rg2 Rh8 38. Rg4 Re5 39. Kf4 Re4+ 40. Kf3 Re5
41. Kf4 Rh5 42. Kf3 Rhxf5+ 43. Kg2 Re2+ 0-1